000 00482nam a2200109Ia 4500
008 230822s1999 xx 000 0 und d
041 _aeng
100 _aPUNE MUNICIPAL CORPORATION AREA.
245 _aDEVELOPMENT CONTROL RULES,SANCTIONED UNDER GOVERNMENT NOTIFICATION URBAN DEVELOPMENT DEPARTMENT NO.TPS -1884/1377/CR-220/84(III)UD-7 DATED 5/1/87, FOR DEVELOPMENT PLAN PUNE (REVISED) (FINAL)
260 _bFOR APPLICATION IN PUNE MUNICIPAL CORPORATION AREA
_c1999
300 _a236+19
999 _c855966
_d855966